000 00354nam a2200145Ia 4500
008 230312s9999||||xx |||||||||||||| ||und||
020 _a1-305-11054-0
082 _a794.81536
_bBRY-G
100 _aWilliams;Rob
245 0 _aComputer System Architecture
260 _bCengage
_aUSA
_c2015
300 _a444
650 _aComputer
_vComputer
942 _cBK
999 _c15177
_d15177